01376nas a2200373 4500001001000000003000900010005001700019007000300036008003400039040005400073041000900127072000800136100001600144100001600160100001800176100002400194100001400218100002000232100001400252100001700266245017300283246013100456650002000587650001100607650001400618650002300632650002000655650001400675773008400689909004000773942001800813999001900831952015200850BR8200711BR-BrBNA20231205085022.0ta230509b bl.|||p| |||| 00| 00por d aBR-BrBNAbporcBiblioteca Nacional de Agricultura a(Pt) aL721 aFujii, T.U.1 aOba, M.S.P.1 aPorto, A. del1 aSerafim, A.C. de O.1 aTanji, J.1 aPalazzo, J.P.C.1 aFujii, T.1 aLima, Z.M.B.1 aEstudos preliminares dos aspectos epidemiologicos das endoparasitoses dos bovinos do vale do Ribeira, litoral sul do estado de Sao Paulo [Bos taurus; Verminose; Brasil]1 aStudy of the epidemiology of gastrintestinal helminths of cattle of Ribeira valley, Sao Paulo [Bos taurus; Verminosis; Brazil] aPraga de animal aBovino aVerminose aParasito de animal aVale do Ribeira aSao Paulo0 tEcossistema (Brazil)xISSN 0100-4107g(Sep 1981), v. 6(1) p. 113-127wBR8200711 a202311bLúciac55dLúcia Elande 2AGRISn0cANA c108699d108699 002AGRIS4071a41918b41918cPeriódicos Agrícolash(Sep 1981), v. 6(1) p. 113-127l0r2023-11-29t01yCRePortaria Interministerial nº 164/94